000 00479nam a2200181Ia 4500
005 20250508150743.0
008 008 250505s9999 xx 000 0 eng d
037 _aTextual
040 _aFEDL
_beng
_cFEDL
041 _aeng
_2eng
084 _a520, HAR
_qFEDL
100 _aHargreaves F J
_9757539
245 0 _aSixe of the universe
260 _aWest Drayton
_bPenguin Books
_c1948
300 _a175p.
942 _cTEXL
_h520, HAR
999 _c1325458
_d1325458